Statistiques concernant La Ballade de Grenade (Puy du Fou)-Paroles

Cliquez ici pour prendre le quiz!

Statistiques générales

  • Ce quiz a été pris 70 fois
  • Le résultat moyen est 44 sur 82

Statistiques - réponses

Réponse% Correct
la
92%
la
92%
la
92%
la
92%
la
92%
la
92%
la
92%
de
89%
de
89%
de
89%
de
89%
de
89%
de
89%
de
89%
de
89%
de
89%
Grenade !
89%
Grenade,
89%
Grenade,
89%
Grenade !
89%
Grenade !
89%
Grenade !
89%
Grenade,
89%
ballade
79%
ballade
79%
Je
71%
je
71%
je
71%
dans
68%
dans
68%
des
61%
des
61%
les
61%
les
61%
et
58%
et
58%
et
58%
cascade
55%
cette
55%
cette
55%
Ces
50%
nus
47%
pieds
47%
sérénade !
45%
te
45%
c'est
42%
me
42%
cavalcade
39%
d'eau
39%
reconnais
39%
revois
39%
Allez,
37%
embuscade
37%
esplanade,
37%
fontaine
37%
Castagnettes
34%
en
34%
fameuse
34%
jets
34%
souviens
34%
Oui,
29%
voici
29%
voici
29%
Voici
29%
arcades,
26%
l'eau,
26%
ballotades,
24%
sur
21%
glissez
18%
jaillissez
18%
tournez
18%
dansons
16%
deux
16%
flamenco...
16%
tous
16%
Aubades,
13%
l'escapade,
13%
l'estocade
11%
naïades,
11%
parade
11%
parade
11%
décors,
3%

Distribution des résultats

Percentile par nombre de réponses

% des personnes avec chaque résultat

Votre développement - résultats

Vous n’avez pas pris ce quiz